000
00336nam a2200169Ia 4500
100
_a
Ganesan/V
650
_a
engines
250
_a
4
942
_c
BK
366
_f
20
654
_a
internal
245
_a
Internal combustion engines
260
_b
McGraw Hill
_c
2012
082
_a
621.4
_b
GAN
300
_a
730
546
_a
ENGLISH
999
_c
25207
_d
25207